Show and Tell : (Record no. 586552)

MARC details
000 -LEADER
fixed length control field 00467nam a2200193 a 4500
008 - FIXED-LENGTH DATA ELEMENTS--GENERAL INFORMATION
fixed length control field 250911s2002##################000#0#eng##
020 ## - INTERNATIONAL STANDARD BOOK NUMBER
ISBN 9780747558309
082 04 - DEWEY DECIMAL CLASSIFICATION NUMBER
Classification number 791.092273
Item number LAH
100 1# - MAIN ENTRY--AUTHOR NAME
Personal name Lahr, John,
245 10 - TITLE STATEMENT
Title Show and Tell :
260 ## - PUBLICATION, DISTRIBUTION, ETC. (IMPRINT)
Name of publisher Bloomsbury Paperbacks,
Year of publication 2002.
300 ## - PHYSICAL DESCRIPTION
Number of Pages 335 pages
650 #0 - SUBJECT ADDED ENTRY--TOPICAL TERM
Topical Term Celebrities.
942 ## - ADDED ENTRY ELEMENTS (KOHA)
Koha item type English Books
Holdings
Withdrawn status Lost status Damaged status Not for loan Home library Current library Shelving location Date acquired Full call number Accession Number Price effective from Koha item type
        Anna Centenary Library Anna Centenary Library 6TH FLOOR, B WING 11.09.2025 791.092273 LAH 499307 11.09.2025 English Books

Find us on the map